02172cam a2200301 i 450000100090000000300040000900500170001300800410003001000170007102000180008804000270010605000130013308200150014624500740016125000120023526400450024730000490029233600260034133700280036733800270039550513150042265000240173765000340176165000130179565000230180865000130183170000260184419147835OSt20230421153802.0160622s20172017moua b 001 0 eng  a 2016427385 a9780323327404 aDLCbengcLCerdadDLC00aRT41.P8400a610.7322300aFundamentals of nursing /c[edited by] Patricia A. Potter ...[et. al] a9th ed. 1aSt. Louis, Miissouri.:bElsevier,c2017. axix, 1365 p. :bcolor illustrations ;c28 cm atextbtxt2rdacontent aunmediatedbn2rdamedia avolumebnc2rdacarrier0 aContents: Nursing today -- The health care delivery system -- Community-based nursing practice -- Theoretical foundations of nursing practice -- Evidence-based practice -- Health and wellness -- Caring in nursing practice -- Caring for the cancer survivor -- Cultural awareness -- Caring for families -- Developmental theories -- Conception through adolescence -- Young and middle adults -- Older adults -- Critical thinking in nursing practice -- Nursing assessment -- Nursing diagnosis -- Planning nursing care -- Implementing nursing care -- Evaluation -- Managing patient care -- Ethics and values -- Legal implications in nursing practice -- Communication -- Patient education -- Documentation and informatics -- Patient safety and quality -- Immobility -- Infection prevention and control -- Vital signs -- Health assessment and physical examination -- Medication administration -- Complementary and alternative therapies -- Self-concept -- Sexuality -- Spiritual health -- The experience of loss, death, and grief -- Stress and coping -- Activity and exercise -- Hygiene -- Oxygenation -- Fluid, electrolyte, and acid-base balance -- Sleep -- Pain management -- Nutrition -- Urinary elimination -- Bowel elimination -- Skin integrity and wound care -- Sensory alterations -- Care of surgical patients -- 0aNursingvTextbooks. 0aNursingxPracticevTextbooks.10aNursing.20aNurse and patient.20aNursing.1 aPotter, Patricia Ann,